| 000 | 00827nam a2200265 i 4500 | ||
|---|---|---|---|
| 001 | 11285 | ||
| 003 | ES-MaACL | ||
| 005 | 20250731063018.0 | ||
| 007 | t| | ||
| 008 | 930628s1992 sp |||| | spa j | ||
| 020 | _a84-7100-331-7 | ||
| 080 | _a981 | ||
| 100 | 0 |
_aIglesias, Francisco, _d1923- _965076 |
|
| 245 | 1 | 0 |
_aHistoria política de Brasil (1500-1964) / _cFrancisco Iglesias ; [traducción, Rosendo Chas Silva]. |
| 260 |
_aMadrid : _bMAPFRE, _c[1992] |
||
| 300 |
_a365 p. ; _c23 cm. |
||
| 490 | 1 |
_aRealidades americanas ; _v4 |
|
| 500 | _aÍndices. | ||
| 504 | _aBibliografía: p. [349]-253. | ||
| 651 | 4 |
_aBrasil- _xPolítica y gobierno. _9168641 |
|
| 700 | 1 |
_aChas Silva, Rosendo. _938147 |
|
| 830 | 0 |
_aRealidades americanas ; _v4 _9178987 |
|
| 852 |
_aES-MaACL _jL-18618 |
||
| 999 |
_c11285 _d11285 |
||